000 00570nam a2200217Ia 4500
005 20241129110140.0
008 241129s9999||||xx |||||||||||||| ||und||
020 _a977-05-1964-2
037 _aTB
040 _aARTS
_beng
_cARTS
041 _aeng
_2ara
084 _aP 28R2
_qARTS
100 _aAnees Ibraheem Au.
245 0 _aMin asrar al-lughat
_cAnees Ibraheem Au.
260 _aCairo, Egypt
_bMaktaba al-naju al-misria
_c2014
300 _a299p.
365 _aINR
_b450
650 _aLinguistics
942 _cTB
_hP 28R2
999 _c1227492
_d1227492